000 00204 a2200097 4500
001 10939
100 _aCemkav, P.
245 _aPsycholodiagnostics
260 _a
_bGrune Stratton
_c
090 _c8509
_d8509
942 _aNUST-CAE
_cM
_c35277
999 _c246012
_d246012